| 000 | 01226nam a22001937a 4500 | ||
|---|---|---|---|
| 999 |
_c60416 _d60416 |
||
| 003 | Ge_BSU | ||
| 005 | 20230713154454.0 | ||
| 008 | 230713s2003ge xxu||||| |||| 00| 0 geo d | ||
| 041 | _ageo | ||
| 080 | _a327.57 გ-35 | ||
| 100 |
_aგერგაია, პაატა, ავტ. _919309 |
||
| 245 |
_aკაცობრიობა ტრიუმფატორის მოლოდინში, ანუ ეტიუდები "დიდი თამაშების" ისტორიიდან / _cპაატა გერგაია, [რედ. გელა ბერძენიშვილი]. |
||
| 264 |
_aთბილისი : _bუნივერსალი, _c2003. |
||
| 300 |
_a56 გვ. ; _b20 სმ. |
||
| 653 | _aსახელმწიფოთა მშვიდობიანი თანაარსებობა. აშშ-ს საგარეო პოლიტიკა. რუსეთის საგარეო პოლიტიკა. ჩინეთის საგარეო პოლიტიკა. | ||
| 653 | _aპოლიტიკა | ||
| 700 |
_aბერძენიშვილი, გელა _eრედაქტორი _919310 |
||
| 942 |
_2udc _cBK |
||